Разработка формализованной схемы превращений углеводородов и кинетической модели процесса гидродепарафинизации дизельных топлив; Известия Томского политехнического университета [Известия ТПУ]; Т. 322, № 3 : Химия
| Parent link: | Известия Томского политехнического университета [Известия ТПУ]/ Томский политехнический университет (ТПУ).— , 2000- Т. 322, № 3 : Химия.— 2013.— [С. 129-133] |
|---|---|
| Other Authors: | , , , , |
| Summary: | Заглавие с титульного листа Электронная версия печатной публикации На основе квантово-химических расчетов показана термодинамическая вероятность протекания химических реакций в процессе гидродепарафинизации дизельных топлив и предложен уровень формализации схемы превращений. Разработанная схема превращений стала основой кинетической модели процесса гидродепарафинизации дизельных топлив, позволяющей учесть влияние химического состава сырья на эффективность процесса. |
| Language: | Russian |
| Published: |
2013
|
| Series: | Химия |
| Subjects: | |
| Online Access: | http://earchive.tpu.ru/bitstream/11683/4735/1/bulletin_tpu-2013-322-3-31.pdf |
| Format: | Electronic Book Chapter |
| KOHA link: | https://koha.lib.tpu.ru/cgi-bin/koha/opac-detail.pl?biblionumber=236741 |
MARC
| LEADER | 00000nla2a2200000 4500 | ||
|---|---|---|---|
| 001 | 236741 | ||
| 005 | 20260410071619.0 | ||
| 035 | |a (RuTPU)RU\TPU\book\257907 | ||
| 035 | |a RU\TPU\book\257906 | ||
| 090 | |a 236741 | ||
| 100 | |a 20130429d2013 k y0rusy50 ca | ||
| 101 | 0 | |a rus | |
| 102 | |a RU | ||
| 135 | |a drnn ---uucaa | ||
| 181 | 0 | |a i | |
| 182 | 0 | |a b | |
| 200 | 1 | |a Разработка формализованной схемы превращений углеводородов и кинетической модели процесса гидродепарафинизации дизельных топлив |f Н. С. Белинская [и др.] | |
| 203 | |a Текст |c электронный | ||
| 215 | |a 1 файл (136 Кб) | ||
| 225 | 1 | |a Химия | |
| 300 | |a Заглавие с титульного листа | ||
| 300 | |a Электронная версия печатной публикации | ||
| 320 | |a [Библиогр.: с. 133 (9 назв.)] | ||
| 330 | |a На основе квантово-химических расчетов показана термодинамическая вероятность протекания химических реакций в процессе гидродепарафинизации дизельных топлив и предложен уровень формализации схемы превращений. Разработанная схема превращений стала основой кинетической модели процесса гидродепарафинизации дизельных топлив, позволяющей учесть влияние химического состава сырья на эффективность процесса. | ||
| 337 | |a Adobe Reader | ||
| 461 | 1 | |0 (RuTPU)RU\TPU\book\176237 |t Известия Томского политехнического университета [Известия ТПУ] |f Томский политехнический университет (ТПУ) |d 2000- | |
| 463 | 1 | |0 (RuTPU)RU\TPU\book\257547 |x 1684-8519 |t Т. 322, № 3 : Химия |v [С. 129-133] |d 2013 |p 143 с. | |
| 610 | 1 | |a гидродепарафинизация | |
| 610 | 1 | |a углеводороды | |
| 610 | 1 | |a квантово-химические расчеты | |
| 610 | 1 | |a термодинамика | |
| 610 | 1 | |a математическое моделирование | |
| 610 | 1 | |a дизельное топливо | |
| 610 | 1 | |a труды учёных ТПУ | |
| 610 | 1 | |a электронный ресурс | |
| 701 | 1 | |a Белинская |b Н. С. |c химик |c доцент Томского политехнического университета, кандидат технических наук |f 1989- |g Наталия Сергеевна |y Томск |3 (RuTPU)RU\TPU\pers\30822 |9 15069 | |
| 701 | 1 | |a Силко |b Г. Ю. |c химик |c ассистент Томского политехнического университета, лаборант |f 1990- |g Галина Юрьевна |3 (RuTPU)RU\TPU\pers\35978 |9 19119 | |
| 701 | 1 | |a Францина |b Е. В. |c химик-технолог |c доцент Томского политехнического университета, кандидат технических наук |f 1985- |g Евгения Владимировна |3 (RuTPU)RU\TPU\pers\25034 |9 11167 | |
| 701 | 1 | |a Ивашкина |b Е. Н. |c химик-технолог |c профессор Томского политехнического университета, доктор технических наук |f 1983- |g Елена Николаевна |y Томск |3 (RuTPU)RU\TPU\pers\24965 |9 11119 | |
| 701 | 1 | |a Иванчина |b Э. Д. |c химик |c профессор Томского политехнического университета, доктор технических наук |f 1951- |g Эмилия Дмитриевна |3 (RuTPU)RU\TPU\pers\24966 | |
| 801 | 1 | |a RU |b 63413507 |c 20090623 |g PSBO | |
| 801 | 2 | |a RU |b 63413507 |c 20220204 |g PSBO | |
| 856 | 4 | |u http://earchive.tpu.ru/bitstream/11683/4735/1/bulletin_tpu-2013-322-3-31.pdf | |
| 942 | |c CF | ||